000
00302nam a22001217a 4500
008
171014b xxu||||| |||| 00| 0 eng d
041
_a
eng
080
_a
330.101.541
100
_a
52
101
_a
MAK
245
_a
EMPIRICAL MACROECONOMICS FOR INTERDEPENDENT ECONOMICS
_c
BRYANT, R.C
942
_2
udc
_c
BK
999
_c
33851
_d
33851